Countries containing 2 letters - Random - Statistics

General Stats
  • This quiz has been taken 62 times
  • The average score is 7 of 10
Answer Stats
Letters Country % Correct
F, G Afghanistan / Democratic Republic of the Congo / Republic of the Congo
100%
R, T Australia / Argentina / Portugal / South Africa / South Korea / North Korea / Turkey +30
100%
L, T Australia / Italy / Portugal / Switzerland / Netherlands / Thailand +12
100%
L, U Australia / Portugal / Belgium / Democratic Republic of the Congo / Venezuela +13
100%
L, S Australia / Switzerland / Netherlands / Israel / Philippines / Slovakia / Belarus / Somalia / Malaysia +14
100%
B, G Belgium / Democratic Republic of the Congo / Republic of the Congo / Bulgaria / Luxembourg +7
100%
B, E Belgium / Democratic Republic of the Congo / Republic of the Congo / Czech Republic +18
100%
L, R Brazil / Australia / Ireland / Portugal / Switzerland / Netherlands / Israel +15
100%
B, L Brazil / Belgium / Colombia / Democratic Republic of the Congo / Bolivia +13
100%
A, B Brazil / Cuba / Colombia / Saudi Arabia / Democratic Republic of the Congo / Bolivia +31
100%
B, Z Brazil / Czech Republic / Bosnia and Herzegovina / Uzbekistan / Zimbabwe / Azerbaijan +3
100%
A, Z Brazil / New Zealand / Switzerland / Kazakhstan / Venezuela / Bosnia and Herzegovina +7
100%
B, R Brazil / Saudi Arabia / Democratic Republic of the Congo / Republic of the Congo +19
100%
C, D Canada / Iceland / Madagascar / Democratic Republic of the Congo / Chad / Ecuador +8
100%
E, H Chile / South Korea / North Korea / Netherlands / Philippines / Republic of the Congo +10
100%
H, N China / North Korea / Netherlands / Thailand / Afghanistan / Kazakhstan +16
100%
A, H China / South Africa / South Korea / North Korea / Netherlands / Thailand / Afghanistan +18
100%
B, U Cuba / Belgium / Saudi Arabia / Democratic Republic of the Congo / Republic of the Congo +16
100%
C, Y Cyprus / Vatican City / Ivory Ccoast / Seychelles
100%
C, Z Czech Republic
100%
B, H Democratic Republic of the Congo / Republic of the Congo / Czech Republic / Bangladesh
100%
B, N Democratic Republic of the Congo / Republic of the Congo / United Arab Emirates / Albania +19
100%
G, P Egypt / Portugal / Democratic Republic of the Congo / Paraguay / Republic of the Congo +2
100%
F, J Fiji
100%
D, F Finland / Democratic Republic of the Congo / Federated States of Micronesia
100%
F, L Finland / Democratic Republic of the Congo / Republic of the Congo / Central African Republic
100%
F, N France / Finland / Afghanistan / Central African Republic / Burkina Faso +3
100%
N, R France / Germany / Argentina / Ireland / North Korea / Norway / Denmark / Iran / Ukraine +44
100%
C, E France / Mexico / Iceland / Chile / Greece / Democratic Republic of the Congo +13
100%
G, R Germany / Argentina / Portugal / Greece / Madagascar / Niger / Uruguay +19
100%
A, G Germany / Argentina / Portugal / Madagascar / Mongolia / Afghanistan / Uruguay +29
100%
A, M Germany / Denmark / Madagascar / Mongolia / Colombia / Vietnam +39
100%
M, R Germany / Denmark / Madagascar / Morocco / Democratic Republic of the Congo / Romania +18
100%
E, Y Germany / Egypt / Turkey / Yemen / Kenya / Seychelles
100%
G, Y Germany / Egypt / Uruguay / Hungary / Paraguay / Guyana / Kyrgyzstan
100%
R, Y Germany / Norway / Turkey / Uruguay / Hungary / Paraguay / Syria / Cyprus / Myanmar / +2
100%
M, Y Germany / Yemen / Malaysia / Myanmar
100%
C, G Greece / Madagascar / Nicaragua / Saint Vincent and the Grenadines +2
100%
H, Y Hungary / Seychelles
100%
E, L Iceland / Ireland / Chile / New Zealand / Switzerland / Netherlands / Belgium / Israel +25
100%
L, N Iceland / Ireland / Finland / Poland / New Zealand / Switzerland / Netherlands / Mongolia +22
100%
D, L Iceland / Ireland / Finland / Poland / New Zealand / Switzerland / Netherlands / Thailand +8
100%
I, Q Iraq / Mozambique / Equatorial Guinea
100%
Q, R Iraq / Qatar / Equatorial Guinea
100%
D, R Ireland / Denmark / Madagascar / Switzerland / Netherlands / Saudi Arabia +21
100%
L, Y Italy / Libya / Malaysia / Seychelles
100%
C, J Jamaica
100%
J, M Jamaica
100%
I, J Jamaica / Azerbaijan / Fiji / Tajikistan / Djibouti
100%
J, P Japan
100%
A, J Japan / Jamaica / Jordan / Azerbaijan / Tajikistan
100%
J, N Japan / Jordan / Azerbaijan / Tajikistan
100%
J, R Jordan / Azerbaijan
100%
J, O Jordan / Djibouti
100%
K, Z Kazakhstan / Uzbekistan / Kyrgyzstan
100%
Y, Z Kyrgyzstan
100%
B, X Luxembourg
100%
G, S Madagascar / Afghanistan / Bangladesh / Bosnia and Herzegovina / Singapore / Senegal +3
100%
M, S Madagascar / United Arab Emirates / Somalia / Malaysia / Turkmenistan / Bahamas / Suriname +10
100%
E, X Mexico / Luxembourg
100%
M, X Mexico / Luxembourg
100%
C, M Mexico / Madagascar / Colombia / Morocco / Democratic Republic of the Congo / Jamaica +9
100%
C, O Mexico / South Africa / Colombia / Morocco / Democratic Republic of the Congo / Croatia +13
100%
E, M Mexico / United Kingdom / Germany / Denmark / Belgium / Vietnam +18
100%
I, O Mexico / United Kingdom / South Africa / Mongolia / Colombia / Indonesia +30
100%
E, O Mexico / United Kingdom / South Korea / North Korea / Indonesia +23
100%
L, M Mongolia / Belgium / Colombia / Democratic Republic of the Congo / Somalia / Malaysia +10
100%
M, Q Mozambique
100%
Q, Z Mozambique
100%
Q, U Mozambique / Equatorial Guinea
100%
N, Z New Zealand / Switzerland / Kazakhstan / Venezuela / Bosnia and Herzegovina / Uzbekistan +3
100%
E, Z New Zealand / Switzerland / Venezuela / Czech Republic / Bosnia and Herzegovina / Uzbekistan +4
100%
W, Z New Zealand / Switzerland / Zimbabwe
100%
R, W Norway / Switzerland / Rwanda
100%
G, L Portugal / Mongolia / Belgium / Bulgaria / Luxembourg / Bangladesh / Guatemala / Angola +5
100%
P, U Portugal / Peru / Democratic Republic of the Congo / Paraguay / Republic of the Congo +6
100%
O, P Portugal / Poland / Democratic Republic of the Congo / Republic of the Congo / Ethiopia +3
100%
L, O Portugal / Poland / Mongolia / Colombia / Democratic Republic of the Congo / Bolivia +15
100%
R, U Russia / Australia / Portugal / South Africa / South Korea / Turkey / Ukraine / Peru / Austria +27
100%
R, S Russia / Australia / South Africa / South Korea / Madagascar / Switzerland / Netherlands +29
100%
I, R Russia / Brazil / Australia / Argentina / Ireland / South Africa / Iran / Iraq / Ukraine / Switzerland +48
100%
A, R Russia / France / Brazil / Australia / Germany / Argentina / Ireland / Portugal / South Africa +71
100%
B, S Saudi Arabia / United Arab Emirates / Belarus / Serbia / Bangladesh / Bosnia and Herzegovina +6
100%
K, V Slovakia / Kosovo / Saint Kitts and Nevis
100%
F, S South Africa / Afghanistan / Burkina Faso / Federated States of Micronesia
100%
F, I South Africa / Finland / Afghanistan / Fiji / Central African Republic / Burkina Faso +3
100%
F, O South Africa / Republic of the Congo / Burkina Faso / Federated States of Micronesia +1
100%
H, U South Africa / South Korea / Democratic Republic of the Congo / Hungary +6
100%
O, S South Africa / South Korea / Indonesia / Estonia / Slovakia / Somalia / Laos / Slovenia +20
100%
H, S South Africa / South Korea / Netherlands / Afghanistan / Kazakhstan / Philippines +10
100%
H, O South Africa / South Korea / North Korea / Ethiopia / Bosnia and Herzegovina / Honduras +5
100%
H, R South Africa / South Korea / North Korea / Netherlands / North Macedonia / Bahrain +8
100%
H, T South Africa / South Korea / North Korea / Netherlands / Thailand / Afghanistan / Kazakhstan +11
100%
K, S South Korea / Pakistan / Kazakhstan / Slovakia / Sri Lanka / Uzbekistan / Turkmenistan / Kosovo +4
100%
N, P Spain / Japan / Poland / Pakistan / Democratic Republic of the Congo / Panama / Philippines +7
100%
A, P Spain / Japan / Portugal / Poland / Pakistan / Democratic Republic of the Congo +11
100%
N, W Sweden / Norway / New Zealand / Switzerland / Papua New Guinea / Taiwan / Botswana / Rwanda +1
100%
S, W Sweden / Switzerland / Botswana / Eswatini
100%
S, Z Switzerland / Kazakhstan / Bosnia and Herzegovina / Uzbekistan / Kyrgyzstan
100%
T, Z Switzerland / Kazakhstan / Uzbekistan / Tanzania / Kyrgyzstan
100%
I, W Switzerland / Papua New Guinea / Taiwan / Zimbabwe / Kuwait / Eswatini / Malawi
100%
S, Y Syria / Malaysia / Cyprus / Ivory Coast / Kyrgyzstan / Seychelles
100%
J, K Tajikistan
100%
J, T Tajikistan / Djibouti
100%
K, Y Turkey / Kenya / Kyrgyzstan
100%
U, Y Turkey / Uruguay / Hungary / Paraguay / Cyprus / Guyana
100%
G, I United Kingdom / Argentina / Mongolia / Niger / Belgium / Afghanistan +17
100%
D, M United Kingdom / Denmark / Madagascar / United Arab Emirates / Dominica / Cambodia +9
100%
D, K United Kingdom / Denmark / Saint Kitts and Nevis
100%
M, N United Kingdom / Germany / Denmark / Mongolia / Vietnam +23
100%
D, G United Kingdom / Madagascar / Bangladesh / Bosnia and Herzegovina / Uganda +5
100%
K, N United Kingdom / North Korea / Denmark / Ukraine / Pakistan / Kazakhstan / Kenya / Sri Lanka +6
100%
N, O United Kingdom / North Korea / Norway / Poland / Mongolia / Indonesia +31
100%
G, U United Kingdom / Portugal / Belgium / Uruguay / Democratic Republic of the Congo / Hungary +13
100%
G, O United Kingdom / Portugal / Mongolia / Democratic Republic of the Congo +12
100%
O, T United Kingdom / Portugal / South Africa / South Korea / North Korea +20
100%
K, O United Kingdom / South Korea / North Korea / Slovakia / Kosovo / Burkina Faso
100%
K, T United Kingdom / South Korea / North Korea / Turkey / Pakistan / Kazakhstan / Uzbekistan +6
100%
M, T United Kingdom / Vietnam / Democratic Republic of the Congo / United Arab Emirates +10
100%
A, T United States / Australia / Italy / Argentina / Portugal / South Africa / South Korea / North Korea +52
100%
S, T United States / Australia / South Africa / South Korea / Switzerland / Netherlands / Pakistan +24
100%
I, N United States / China / United Kingdom / Spain / India / Argentina / Iceland / Ireland / Finland +62
100%
A, E United States / France / Germany / Argentina / Iceland / Ireland / South Korea / North Korea +56
100%
E, N United States / France / United Kingdom / Germany / Argentina / Iceland / Ireland / Sweden +49
100%
E, I United States / Mexico / United Kingdom / Argentina / Iceland / Ireland / Chile / Ukraine +48
100%
A, U United States / Russia / Australia / Portugal / South Africa / South Korea / Ukraine / Cuba +41
100%
A, S United States / Russia / Australia / Spain / South Africa / South Korea / Madagascar +55
100%
I, U United States / Russia / United Kingdom / Australia / South Africa / Ukraine / Austria / Belgium +28
100%
N, S United States / Spain / Sweden / Switzerland / Netherlands / Pakistan / Indonesia / Afghanistan +33
100%
D, S United States / Sweden / Madagascar / Switzerland / Netherlands / Indonesia / Saudi Arabia +15
100%
E, S United States / Sweden / South Korea / Switzerland / Netherlands / Indonesia / Israel +26
100%
I, T United States / United Kingdom / Australia / Italy / Argentina / South Africa / Switzerland +42
100%
D, E United States / United Kingdom / Iceland / Ireland / Sweden / Denmark / New Zealand +18
100%
V, Y Vatican City / Ivory Coast
100%
C, V Vatican City / Ivory Coast / Cape Verde / Saint Vincent and the Grenadines
100%
V, Z Venezuela / Bosnia and Herzegovina/ bosniaandherzegovina
100%
U, Z Venezuela / Czech Republic / Uzbekistan / Mozambique
100%
U, V Venezuela / Tuvalu / Vanuatu
100%
I, V Vietnam / Bolivia / Slovakia / Latvia / Slovenia / Bosnia and Herzegovina / Vatican City +4
100%
A, V Vietnam / Bolivia / Venezuela / Slovakia / Latvia / Slovenia / Bosnia and Herzegovina +10
100%
T, V Vietnam / Latvia / Vatican City / Ivory Coast / Saint Kitts and Nevis / Tuvalu / Vanuatu +1
100%
B, W Zimbabwe / Botswana
100%
M, Z Zimbabwe / Zambia / Mozambique
100%
D, I United States / United Kingdom / India / Iceland / Ireland / Finland / Switzerland / Indonesia +20
80%
C, N Canada / China / France / Iceland / Democratic Republic of the Congo +14
75%
E, T United States / United Kingdom / Argentina / Egypt / South Korea / North Korea / Turkey +24
75%
M, P Democratic Republic of the Congo / Panama / Dominican Republic / Sao Tomé and Príncipe
67%
N, Q Equatorial Guinea
67%
L, P Portugal / Poland / Democratic Republic of the Congo / Philippines / Republic of the Congo +5
67%
O, R Portugal / South Africa / South Korea / North Korea / Norway / Morocco +29
67%
H, K South Korea / North Korea / Kazakhstan
67%
S, U United States / Russia / Australia / South Africa / South Korea / Austria / Saudi Arabia / Sudan +13
67%
E, J Azerbaijan
50%
O, V Bolivia / Slovakia / Slovenia / Bosnia and Herzegovina / Moldova / El Salvador / Ivory Coast / Kosovo
50%
I, L Brazil / Australia / Italy / Iceland / Ireland / Chile / Finland / Switzerland / Mongolia / Belgium +32
50%
I, Z Brazil / Switzerland / Czech Republic / Bosnia and Herzegovina / Uzbekistan / Zimbabwe +5
50%
B, F Democratic Republic of the Congo / Republic of the Congo / Central African Republic / Burkina Faso
50%
I, P Spain / Pakistan / Democratic Republic of the Congo / Philippines / Republic of the Congo +7
50%
T, Y Italy / Egypt / Turkey / Vatican City / Ivory Coast / Kyrgyzstan
50%
K, W Kuwait
50%
C, X Mexico
50%
I, X Mexico
50%
I, M Mexico / United Kingdom / Mongolia / Belgium / Colombia / Vietnam +29
50%
O, W Norway / Botswana
50%
P, W Papua New Guinea
50%
P, R Portugal / Peru / Democratic Republic of the Congo / Paraguay / Republic of the Congo +7
50%
A, O Portugal / South Africa / South Korea / North Korea / Norway / Poland / Mongolia / Colombia +47
50%
B, D Saudi Arabia / Democratic Republic of the Congo / United Arab Emirates / Bangladesh +8
50%
T, W Switzerland / Taiwan / Botswana / Kuwait / Eswatini
50%
G, T United Kingdom / Argentina / Egypt / Portugal / Afghanistan +11
50%
K, M United Kingdom / Denmark / Turkmenistan
50%
E, K United Kingdom / South Korea / North Korea / Turkey / Denmark / Ukraine / Kenya +3
50%
A, D United States / Canada / India / Iceland / Ireland / Finland / Poland / Denmark / New Zealand +37
50%
A, I United States / Russia / China / Brazil / Australia / Italy / Spain / India / Argentina / Iceland +94
50%
E, V Vietnam / Venezuela / Slovenia / Bosnia and Herzegovina / El Salvador / Maldives / Cape Verde +2
50%
F, K Burkina Faso
33%
A, F France / South Africa / Finland / Afghanistan / Democratic Republic of the Congo +3
33%
A, W Norway / New Zealand / Switzerland / Papua New Guinea / Taiwan / Zimbabwe / Botswana +4
33%
F, T South Africa / Afghanistan / Democratic Republic of the Congo / Republic of the Congo +2
33%
D, W Sweden / New Zealand / Switzerland / Rwanda
33%
N, V Vietnam / Venezuela / Slovenia / Bosnia and Herzegovina / Vatican City / Saint Kitts and Nevis +2
33%
B, Q Mozambique
25%
G, H Afghanistan / Democratic Republic of the Congo / Hungary / Republic of the Congo +4
0%
J, Z Azerbaijan
0%
B, J Azerbaijan / Djibouti
0%
B, M Belgium / Colombia / Democratic Republic of the Congo / United Arab Emirates +9
0%
B, V Bolivia / Bosnia and Herzegovina
0%
L, V Bolivia / Venezuela / Slovakia / Latvia / Slovenia / Moldova / El Salvador / Maldives / Tuvalu
0%
R, V Bosnia and Herzegovina / El Salvador / Ivory Coast / Cape Verde / Saint Vincent and the Grenadines
0%
G, Z Bosnia and Herzegovina / Kyrgyzstan
0%
D, V Bosnia and Herzegovina / Moldova / El Salvador / Maldives / Cape Verde / Saint Kitts and Nevis +1
0%
O, Z Bosnia and Herzegovina / Mozambique
0%
G, V Bosnia and Herzegovina / Saint Vincent and the Grenadines
0%
H, V Bosnia and Herzegovina / Saint Vincent and the Grenadines
0%
A, L Brazil / Australia / Italy / Iceland / Ireland / Portugal / Finland / Poland / New Zealand +48
0%
B, I Brazil / Belgium / Colombia / Saudi Arabia / Democratic Republic of the Congo / Bolivia +30
0%
L, Z Brazil / New Zealand / Switzerland / Venezuela / Czech Republic / Belize
0%
R, Z Brazil / Switzerland / Czech Republic / Bosnia and Herzegovina / Azerbaijan / Kyrgyzstan
0%
A, C Canada /China / France / Iceland / Southafrica / Madagascar / Cuba / Colombia +21
0%
P, V Cape Verde
0%
H, L Chile / Netherlands / Thailand / Democratic Republic of the Congo / Philippines +8
0%
C, H China / Chile / South Africa / Czech Republic / Chad / North Macedonia / Liechtenstein +4
0%
H, I China / Chile / South Africa / Thailand / Afghanistan / Democratic Republic of the Congo +12
0%
C, I China / Mexico / Iceland / Chile / South Africa / Colombia +19
0%
B, O Colombia / Democratic Republic of the Congo / Bolivia / Republic of the Congo / Luxembourg +1
0%
B, C Cuba / Colombia / Democratic Republic of the Congo / Republic of the Congo / Czech Republic +3
0%
P, Z Czech Republic
0%
C, P Czech Republic / Dominican Republic / Cyprus / Central African Republic / Cape Verde +3
0%
F, M Democratic Republic of the Congo / Federated States of Micronesia
0%
H, M Democratic Republic of the Congo / North Macedonia / Bahamas / Marshall Islands
0%
H, P Democratic Republic of the Congo / Philippines / Republic of the Congo / Czech Republic / Ethiopia
0%
F, P Democratic Republic of the Congo / Republic of the Congo / Central African Republic
0%
B, P Democratic Republic of the Congo / Republic of the Congo / Czech Republic / Dominican Republic +1
0%
B, T Democratic Republic of the Congo / Republic of the Congo / United Arab Emirates / Uzbekistan +7
0%
J, U Djibouti
0%
P, Y Egypt / Paraguay / Cyprus
0%
E, P Egypt / Peru / Philippines / Republic of the Congo / Czech Republic / Nepal / Ethiopia +7
0%
P, T Egypt / Portugal / Pakistan / Democratic Republic of the Congo / Republic of the Congo / Ethiopia +2
0%
G, Q Equatorial Guinea
0%
L, Q Equatorial Guinea
0%
E, F France / Democratic Republic of the Congo / Republic of the Congo / Central African Republic +1
0%
E, R France / Germany / Argentina / Ireland / South Korea / North Korea / Turkey / Greece / Denmark +40
0%
C, F France / South Africa / Democratic Republic of the Congo / Republic of the Congo +2
0%
F, R France / South Africa / Democratic Republic of the Congo / Republic of the Congo /+3
0%
C, R France / South Africa / Greece / Madagascar / Morocco / Croatia Czech Republic / Ecuador +16
0%
N, Y Germany / Norway / Hungary / Yemen / Kenya / Vatican City / Myanmar / Guyana / Kyrgyzstan
0%
C, L Iceland / Chile / Colombia / Democratic Republic of the Congo / Republic of the Congo +6
0%
A, Q Iraq / Qatar / Mozambique / Equatorial Guinea
0%
A, Y Italy / Germany / Norway / Uruguay / Hungary / Paraguay / Libya / Syria / Kenya / Malaysia +5
0%
I, Y Italy / Libya / Syria / Malaysia / Vatican City / Ivory Coast
0%
D, J Jordan / Djibouti
0%
H, Z Kazakhstan / Czech Republic / Bosnia and Herzegovina
0%
B, Y Libya
0%
G, X Luxembourg
0%
L, X Luxembourg
0%
R, X Luxembourg
0%
U, X Luxembourg
0%
O, X Mexico / Luxembourg
0%
M, O Mexico / United Kingdom / Mongolia / Colombia / Morocco +21
0%
E, Q Mozambique / Equatorial Guinea
0%
O, Q Mozambique / Equatorial Guinea
0%
D, H Netherlands / Thailand / Chad / Bangladesh / Bosnia and Herzegovina / Honduras +5
0%
D, Z New Zealand / Switzerland / Bosnia and Herzegovina
0%
L, W New Zealand / Switzerland / Malawi
0%
W, Y Norway
0%
O, Y Norway / Ivory Coast
0%
K, P Pakistan
0%
G, W Papua New Guinea
0%
U, W Papua New Guinea / Kuwait
0%
D, P Poland / Democratic Republic of the Congo / Dominican Republic / Cape Verde +1
0%
Q, T Qatar / Equatorial Guinea
0%
S, V Slovakia / Slovenia / Bosnia and Herzegovina / El Salvador / Ivory Coast / Kosovo / Maldives +2
0%
K, L Slovakia / Sri Lanka
0%
F, H South Africa / Afghanistan / Democratic Republic of the Congo / Republic of the Congo
0%
C, T South Africa / Croatia / Costa Rica / Vatican City / North Macedonia / Ivory Coast +8
0%
C, U South Africa / Cuba / Ecuador / Dominican Republic / Cyprus / Nicaragua +5
0%
C, S South Africa / Madagascar / Costa Rica / Cyprus / Ivory Coast / Liechtenstein / Seychelles +5
0%
F, U South Africa / Republic of the Congo / Central African Republic / Burkina Faso +1
0%
A, K South Korea / North Korea / Denmark / Ukraine / Pakistan / Kazakhstan / Slovakia / Kenya +9
0%
K, R South Korea / North Korea / Turkey / Denmark / Ukraine / Sri Lanka / Turkmenistan / Kyrgyzstan +2
0%
P, S Spain / Pakistan / Philippines / Cyprus / Singapore / Sao Tomé and Príncipe
0%
E, W Sweden / New Zealand / Switzerland / Papua New Guinea / Zimbabwe / Eswatini
0%
J, S Tajikistan
0%
M, U United Kingdom / Belgium / Luxembourg / Dominican Republic / Guatemala / Turkmenistan +6
0%
E, G United Kingdom / Germany / Argentina / Egypt / Greece / Niger / Belgium +18
0%
G, N United Kingdom / Germany / Argentina / Mongolia / Niger / Afghanistan +25
0%
G, M United Kingdom / Germany / Madagascar / Mongolia / Belgium +5
0%
G, K United Kingdom / Kyrgyzstan
0%
D, O United Kingdom / Poland / Indonesia / Ecuador / Dominica / Jordan / Cambodia +15
0%
O, U United Kingdom / Portugal / South Africa / South Korea / Democratic Republic of the Congo +10
0%
K, U United Kingdom / South Korea / Turkey / Ukraine / Uzbekistan / Turkmenistan / Kuwait / Burkina Faso
0%
I, K United Kingdom / Ukraine / Pakistan / Slovakia / Sri Lanka / Uzbekistan / Turkmenistan +5
0%
A, N United States / Canada / China / France / Spain / Germany / India / Japan / Argentina / Iceland +94
0%
D, N United States / Canada / United Kingdom / India / Iceland / Ireland / Sweden / Finland / Poland +30
0%
I, S United States / Russia / Australia / Spain / South Africa / Switzerland / Pakistan / Austria +39
0%
N, T United States / United Kingdom / Argentina / North Korea / Switzerland / Netherlands / Pakistan +36
0%
T, U United States / United Kingdom / Australia / Portugal / South Africa / South Korea / Turkey +21
0%
D, U United States / United Kingdom / Saudi Arabia / Democratic Republic of the Congo / Sudan +9
0%
E, U United States / United Kingdom / South Korea / Turkey / Ukraine / Peru / Belgium +20
0%
D, T United States / United Kingdom / Switzerland / Netherlands / Thailand /+11
0%
N, U United States / United Kingdom / Ukraine / Democratic Republic of the Congo / Hungary +29
0%
B, K Uzbekistan / Burkina Faso / Kiribati
0%
M, V Vietnam / Moldova / Maldives
0%
M, W Zimbabwe / Malawi
0%
No matching quizzes found
Score Distribution
Percent of People with Each Score
Percentile by Number Answered
Your Score History
You have not taken this quiz